Statistics for Name a City - Asian Countries

Click here to take the quiz!

General Stats

  • This quiz has been taken 7,743 times
  • The average score is 11 of 26

Answer Stats

Country Cities % Correct
JapanYokohama | Osaka | Nagoya | Sapporo | Fukuoka
89%
ChinaShenzhen | Guangzhou | Tianjin | Chengdu | Wuhan
89%
IndiaKolkata | Chennai | Bangalore | Hyderabad | Ahmedabad
88%
IsraelTel Aviv | Haifa | Rishon LeZion | Petah Tikvah | Ashdod
82%
Saudi ArabiaJeddah | Mecca | Medina | Dammam | Hofuf
75%
South KoreaBusan | Incheon | Daegu | Daejeon | Gwangju
70%
PakistanLahore | Faisalabad | Rawalpindi | Gujranwala | Peshawar
65%
TurkeyIzmir | Bursa | Adana | Gaziantep | Konya
57%
IraqMosul | Basra | Kirkuk | Erbil | Najaf
52%
IndonesiaSurabaya | Bandung | Bekasi | Medan | Tangerang
42%
BangladeshChittagong | Narayanganj | Khulna | Sylhet | Tongi
41%
AfghanistanHerat | Kandahar | Mazar-i-Sharif | Jalalabad | Kunduz
38%
IranMashhad | Isfahan | Karaj | Shiraz | Tabriz
38%
LebanonTripoli | Sidon | Zalhe | Tyre | Baalbek
36%
PhilippinesCebu | Davao | Angeles | Cagayan de Oro | Zamboanga
33%
VietnamDa Nang | Haiphong | Can Tho | Bien Hoa | Hue
30%
YemenAden | Taiz | Hudaydah | Ibb | Mukalla
26%
MyanmarMandalay | Taunggyi | Bago | Mawlamyine | Myitkyina
24%
SyriaHoms | Latakia | Hama | Ar-Rakka | Deir ez-Zor
24%
United Arab EmiratesSharjah | Al Ain | Ajman | Ras al-Khaimah | Fujairah
23%
TaiwanTaichung | Kaohsiung | Taoyuan | Tainan | Hsinchu
22%
UzbekistanSamarkand | Namangan | Andijan | Nukus | Bukhara
21%
MalaysiaJohor Bahru | Klang | Ipoh | Ampang | Subang Jaya
14%
KazakhstanShymkent | Qaragandy | Aqtobe | Taraz | Pavlodar
12%
North KoreaHamhung | Chongjin | Sinuiju | Wonsan | Nampo
11%
JordanZarqa | Irbid | Russeifa | Al Quwaysimah | Khilda
9%

Score Distribution

Percentile by Number Answered

Percent of People with Each Score

Your Score History

You have not taken this quiz